| 000 | 00767nam a2200157 a 4500 | ||
|---|---|---|---|
| 008 | 220303s2017 ||||||||||||||||| || u | ||
| 050 | _aCBU-PG THESIS/NSA | ||
| 100 | _aNsama, Percival Chali | ||
| 245 | 1 | 3 |
_aAn evaluation of Peace-keeping Operations of the Zambian contingent under chapter six of the United Nations: With special reference to Abyei, Sudan _cBy Percival Chali Nsama |
| 260 |
_aKitwe _bCopperbelt University _c2017 |
||
| 300 | _axii, 74 pages : illustrations | ||
| 650 | _aPEACE KEEPING OPERATIONS - ZAMBIA | ||
| 650 | _aUNITED NATIONS PEACE KEEPING OPERATIONS IN ZAMBIA | ||
| 650 | _aPEACEKEEPING - ZAMBIA | ||
| 995 |
_FCBU-MAIN LIBRARY (Kitwe) _M1 _UAVAILABLE _WMay 24, 2022 _ZUniversity Collection |
||
| 999 |
_c42674 _d42674 |
||